Central Library OPAC University of Rajshahi

History of mathematics and computer science / (Record no. 66805)

MARC details
000 -LEADER
fixed length control field 00885nam a2200265 a 4500
001 - CONTROL NUMBER
control field 66805
003 - CONTROL NUMBER IDENTIFIER
rucl marc code BD-RjUL
005 - DATE AND TIME OF LATEST TRANSACTION
control field 20211209081559.0
008 - FIXED-LENGTH DATA ELEMENTS--GENERAL INFORMATION
fixed length control field 161107s1995 ii a|||| |||| 00| 0 eng d
035 ## - SYSTEM CONTROL NUMBER
System control number (BD-RjUL)66936
040 ## - CATALOGING SOURCE
Original cataloging agency BD-RjUL
Language of cataloging eng
Transcribing agency BD-RjUL
Modifying agency BD-RjUL
041 ## - LANGUAGE CODE
Language code of text/sound track or separate title eng
082 ## - DEWEY DECIMAL CLASSIFICATION NUMBER
Edition number 23
Classification number 004.09
Author mark and year HIS V-1 1995
245 10 - TITLE STATEMENT
Title History of mathematics and computer science /
Statement of responsibility, etc. G R Chhatwal
260 ## - PUBLICATION, DISTRIBUTION, ETC. (IMPRINT)
Place of publication, distribution, etc. New Delhi :
Name of publisher, distributor, etc. Anmol Publications,
Date of publication, distribution, etc. c1995.
300 ## - PHYSICAL DESCRIPTION
Pagination v ;
Size 24 cm.
490 ## - SERIES STATEMENT
Series statement Encyclopaedic history of science and technology series.
505 0# - FORMATTED CONTENTS NOTE
Formatted contents note Vol.1
650 ## - SUBJECT ADDED ENTRY--TOPICAL TERM
Topical term or geographic name as entry element Computer Science
9 (RLIN) 162890
Form subdivision History
Topical term or geographic name as entry element mathematics statistics
9 (RLIN) 162890
700 ## - ADDED ENTRY--PERSONAL NAME
Personal name Chhatwal, G R
830 ## - SERIES ADDED ENTRY--UNIFORM TITLE
Uniform title Encyclopaedic history of science and technology series.
856 ## - ELECTRONIC LOCATION AND ACCESS
Materials specified Encyclopaedic history of science and technology series.
942 ## - ADDED ENTRY ELEMENTS (KOHA)
Source of classification or shelving scheme Dewey Decimal Classification
Koha item type Books
Holdings
Lost status Source of classification or shelving scheme Damaged status Not for loan Collection code Permanent Location Current Location Shelving location Date acquired Source of acquisition Cost, normal purchase price Total Checkouts Full call number Date last seen Copy number Koha item type
  Dewey Decimal Classification   Not For Loan Non-fiction Central Library, University of Rajshahi Central Library, University of Rajshahi Reading Room 23/03/2006 Dhaka, Paragon ent. Ltd. 1500.00   004.09 HIS V-1 1995 20/03/2017 C-1 Books